006420000a22001810004500060000800000082001500008100002000023100002600043245003500069260004400104260000900148300000800157490003800165650011900203942000700322999001900329952011200348 a100 a300.72 BLA aBlalock, Ann B aBlalock, Jr Hubert M aMethodology in social research aNewyork, Mc Graw- Hill Book Company Inc c1968 a493 aMc Graw- Hill series in sociology aSocial research- Methodology/ Social stratification/ Simpling theory/ Correlation analysis/ Cultural anthropology/ cBK c348918d348918 00104070aKAUCOAVbKAUCOAVd2014-05-02l0o300.72 BLApKAU_COAV-7420r2014-05-02 00:00:00w2014-05-02yBK